Fildrong : Les rivaux 🧂 - Statistiques

Statistiques générales
  • Ce quiz a Ă©tĂ© pris 42 fois
  • Le rĂ©sultat moyen est 4 sur 13
Answers on the Grid
Answers color-coded by a green-red scale on the quiz's grid according to % correct below.
Maité
Proutox
Petit Pet Seché
Méga Prout
Le Chat
PetMouillé
Pticon
Rototo
Petit Pet Sec
Smegman
Crouton
Pouick:)
Mouillu
Dorothée
Chibrax
Gros Pet
Distingué
Flemme
DeTypeAcier
Zachary
Titouan
Le Tchat
Gros Pet Mouillé
Morvatus
La Chiasse
Dabman
Koi Feur!
 
Statistiques - réponses
Réponse % Correct
Pokémon Infinite Fusion PetMouillé
53%
Pokémon Salty Platinium Le Chat
47%
PokĂ©mon Diamant Étincelant MĂ©ga Prout
41%
Pokémon Blanc 2 - Ironmon Rototo
41%
Pokémon Infinite Fusion 2.0 Smegman
34%
Pokémon Aube Petit Pet Sec
31%
Pokémon MindCrystal Proutox
22%
Pokémon Steam 2 Pticon
22%
Pokémon Academy Petit Pet Seché
19%
Pokémon Argent Soulssilver Fusion Pouick:)
19%
Pokémon Platine - Voleur Crouton
13%
Pokémon Clover Mouillu
13%
Pokémon Prism Maité
6%
Aucun quiz correspondant
Distribution des résultats
% des personnes avec chaque résultat
Percentile par nombre de réponses
Votre historique - résultats
Vous n’avez pas pris ce quiz